Amazing Corbett A Nature's Dream Destination: (Record no. 190400)

MARC details
000 -LEADER
fixed length control field 00627nam a22001817a 4500
005 - DATE AND TIME OF LATEST TRANSACTION
control field 20220725111634.0
010 ## - LCCN (DPL NO)
LC control number ENG-133919
020 ## - INTERNATIONAL STANDARD BOOK NUMBER
International Standard Book Number 9789381842102
Terms of availability 799.00
035 ## - SYSTEM CONTROL NUMBER
System control number EN-117451
037 ## - SOURCE OF ACQUISITION
Source of stock number/acquisition DBAD/PUB
082 ## - DEWEY DECIMAL CLASSIFICATION NUMBER
Classification number 591.95451
100 ## - MAIN ENTRY--PERSONAL NAME
Personal name Sinha,Anup
245 ## - TITLE STATEMENT
Title Amazing Corbett A Nature's Dream Destination:
Statement of responsibility, etc by Anup Sinha
Remainder of title india's first national park and tiger reserve/
260 ## - PUBLICATION, DISTRIBUTION, ETC. (IMPRINT)
Place of publication, distribution, etc New Delhi
Name of publisher, distributor, etc Ayushman publication House
Date of publication, distribution, etc 2012
270 ## - ADDRESS
Address 352/D2 Ajit Bhawan Munirka Near J.N.U.Main Gate,
City New Delhi
Postal code 110067
300 ## - PHYSICAL DESCRIPTION
Extent xvi;167p.:
Other physical details ill
Dimensions 23cm(Hb)
942 ## - ADDED ENTRY ELEMENTS (KOHA)
Source of classification or shelving scheme Dewey Decimal Classification
Item type English Books
Classification part 591.95451
Call number suffix SIN
Holdings
Withdrawn status Lost status Not for loan Collection code Home library Current library Date acquired Source of acquisition Cost, normal purchase price Full call number Barcode Copy number Cost, replacement price Koha item type
      Non-fiction Bawana Bawana 25/07/2022 DBAD/PUB 799.00 591.95451 SIN EN-117451 1 799.00 English Books

© Delhi Public Library
Hit Counter
free hit counter